For laughing out loud (Record no. 112000)

MARC details
000 -LÍDER
campo de controle de tamanho fixo 00601 a2200205 4500
001 - NÚMERO DE CONTROLE
campo de controle 112000
020 ## - ISBN - INTERNATIONAL STANDARD BOOK NUMBER
ISBN - International Standard Book Number 9780394821443
041 ## - CÓDIGO DE IDIOMA
Código do idioma do texto/trilha sonora ou título diferente por
082 ## - CDD - CLASSIFICAÇÃO DECIMAL DE DEWEY
Número de Classificação P Year 5 811
040 ## - FONTE DA CATALOGAÇÃO
Instituição da catalogação original BR-BrIDEA
Instituição que transcreveu o registro BR-BrIDEA
090 ## - NÚMERO DE CHAMADA LOCAL
Número de chamada (OCLC) (R); Número de chamada, CALL (RLIN) (NR) P Year 5 811
Número Cutter local (OCLC); Número de classificação do livro, CALL (RLIN) FOR
245 10 - TÍTULO
Título For laughing out loud
Restante do título poems to tickle your funnybone
Indicação de responsabilidade, etc. selected by Jack Prelutsky ; illustrated by Marjorie Priceman
260 ## - PUBLICAÇÃO, DISTRIBUIÇÃO, ETC.
Local de publicação, distribuição, etc. [S.l.]
Nome do editor, distribuidor, etc. Knopf :
Data da publicação, distribuição, etc. 1991
300 ## - DESCRIÇÃO FÍSICA
Extensão 84 p.
697 ## - ENTRADA DE ASSUNTO LOCAL--ENTIDADE COLETIVA (RLIN)
Nome corporativo ou nome da jurisdição American poetry - Collections.
697 ## - ENTRADA DE ASSUNTO LOCAL--ENTIDADE COLETIVA (RLIN)
Nome corporativo ou nome da jurisdição Humorous poetry.
700 ## - ENTRADA ADICIONADA - NOME PESSOAL
Nome pessoal Marjorie Priceman
Função do autor por extenso Illustrated
856 ## - LOCALIZAÇÃO ELETRÔNICA E ACESSO
Uniform Resource Identifier <a href="00001f/00001fae.jpg">00001f/00001fae.jpg</a>
942 ## - ELEMENTOS DE ENTRADA ADICIONADOS (KOHA)
Tipo de material Koha Livros
Holdings
Situação do descarte Situação das perdas Fonte da classificação ou esquema de arquivamento na estante Situação física Não pode ser emprestado Biblioteca de origem Biblioteca atual Data de aquisição Total de empréstimos Número de chamada completo Código de barras Data de último acesso Data do preço efetivo Tipo de material Koha Data do último empréstimo Devolução em
    Classificação Decimal de Dewey     ECB - SUDOESTE ECB - SUDOESTE 22/03/2017   P Year 5 811 00029304SSW 23/01/2024 23/01/2024 Livros    
    Classificação Decimal de Dewey     ECB - SUDOESTE ECB - SUDOESTE 18/02/2019   P Year 6 811 00041386SSW 23/01/2024 23/01/2024 Livros    
    Classificação Decimal de Dewey     ECB - SUDOESTE ECB - SUDOESTE 18/02/2019   P Year 6 811 00041387SSW 23/01/2024 23/01/2024 Livros    
    Classificação Decimal de Dewey     ECB - SUDOESTE ECB - SUDOESTE 18/02/2019   P Year 8 811 00041500SSW 23/01/2024 23/01/2024 Livros    
    Classificação Decimal de Dewey     ECB - SUDOESTE ECB - SUDOESTE 18/02/2019   P Year 6 811 00041388SSW 23/01/2024 23/01/2024 Livros    
    Classificação Decimal de Dewey     ECB - SUDOESTE ECB - SUDOESTE 18/02/2019   P Year 8 811 00041499SSW 23/01/2024 23/01/2024 Livros    
    Classificação Decimal de Dewey     ECB - SUDOESTE ECB - SUDOESTE 07/02/2018 1 P Year 5 811 00034095SSW 19/06/2024 23/01/2024 Livros 14/06/2024  
    Classificação Decimal de Dewey     ECB - ÁGUAS CLARAS ECB - ÁGUAS CLARAS 17/12/2015 1 AP Year 5 811 FOR 00021625AGC 18/09/2024 23/01/2024 Livros 18/09/2024 17/11/2024